000 00770nam a2200229 i 4500
003 IT-RoINE
005 20180301120626.0
008 840119s1983 sp df |r 001|| spa|d
020 _a8430092021
040 _aIBH
_cSpMaBN IT-RoINE
_d IT-RoINE
100 1 _aArnáez, Esmeralda
_945452
245 1 0 _aOrfebrería religiosa en la provincia de Segovia hasta 1700 /
_cEsmeralda Arnáez.
260 _aMadrid :
_bEsmeralda Arnáez,
_c1983.
_eMadrid
_fGráf. Cóndor
300 _a3 v. :
_bil. ;
_c25 cm.
336 _2rdacontent
_atext
337 _2rdamedia
_aunmediated
338 _2rdacarrier
_avolume
500 _aIncluye índice.
504 _aIncluye bibliografía.
650 4 _aOrfebrería religiosa
_zEspaña
_zSegovia (Provincia)
_xHistoria
_945453
942 _cMTS
999 _c23018
_d23018